Odmiana czasowników nieregularnych - j. angielski - Statystyki

Ogólne statystyki
  • Ten quiz został rozwiązany 1 879 razy
  • Średni wynik to 47 z 75
Statystyki odpowiedzi
Czasownik Odpowiedź % Poprawnych
Go went
95%
iść/jechać
90%
had
89%
mieć
86%
gone
85%
have had
85%
grow grew
82%
know knew
78%
grown
77%
make made
76%
meet met
76%
put put
76%
hurt hurt
74%
let let
74%
put
74%
hide hid
73%
hurt
73%
made
73%
met
73%
read read
73%
rosnąć
73%
hear heard
72%
known
72%
leave left
72%
let
72%
znać/wiedzieć
72%
heard
71%
learn learnt/learned
71%
read
71%
left
70%
hidden
69%
learnt/learned
69%
ride rode
69%
słyszeć
69%
ring rang
68%
czytać
67%
lose lost
65%
ridden
65%
lost
64%
pay paid
64%
płacić
64%
paid
62%
lend lent
61%
hang hung
60%
lent
60%
rung
60%
uczyć się
60%
meant meant
59%
robić
59%
hung
58%
meant
57%
ukrywać/chować
57%
hold held
56%
quit quit
56%
quit
55%
held
54%
rise rose
54%
spotykać/rozmawiać
54%
trzymać
53%
lead led
52%
dzwonić
51%
led
51%
jeździć
50%
risen
47%
kłaść
44%
ranić
44%
opuszczać/zostawiać
42%
gubić/tracić
36%
prowadzić/wieść
35%
znaczyć
32%
pożyczać
31%
wieszać
29%
pozwalać
28%
podnosić się/wschodzić
9%
rezygnować
8%
Nie znaleziono quizów pasujących do podanych kryteriów
Rozkład punktacji
Procent ludzi z każdym wynikiem
Percentyl według liczby udzielonych odpowiedzi
Twoja historia wyników
Nie rozwiązałeś tego quizu